[Event "Let's Play Chess!"]
[Site "http://www.queenalice.com/game.php?id=135391"]
[Date "2006.11.30"]
[Round "-"]
[White "LionAdnel"]
[Black "pr0n"]
[Result "1-0"]
[WhiteElo "1749"]
[BlackElo "1462"]

1. e4 e5 2. Bc4 d6 3. Nf3 h6 4. h3 Nc6 5. d4 exd4 6. Nxd4 a5 7. Nxc6 bxc6 8. e5
d5 9. Be2 f6 10. Bh5+ Ke7 11. Qe2 g6 12. Bxg6 fxe5 13. Qxe5+ Be6 14. Qxh8 Rb8
15. b3 Rb4 16. a3 Re4+ 17. Bxe4 dxe4 18. O-O c5 19. Be3 Ke8 20. Qe5 Qe7 21. Qxe4
Nf6 22. Qa8+ Qd8 23. Qxa5 Ne4 24. Nd2 Nc3 25. Qxc3 Bxh3 26. Qe5+ Be7 27. Rfe1
Bg4 28. Bxc5 Qxd2 29. Qxe7# 1-0

[Event "Challenge"]
[Site "http://www.queenalice.com/game.php?id=135757"]
[Date "2006.12.1"]
[Round "-"]
[White "pimpi"]
[Black "pr0n"]
[Result "0-1"]
[WhiteElo "1243"]
[BlackElo "1526"]

1. d4 d5 2. e3 Nf6 3. Bb5+ Nc6 4. f4 Bg4 5. Nf3 a5 6. h3 h5 7. hxg4 Nxg4 8. Nc3
e6 9. g3 Bb4 10. Qe2 f5 11. a3 Bxc3+ 12. bxc3 Nf6 13. Ne5 Ne4 14. Ng6 Rh6 15.
Nh4 Nxc3 16. Qd2 Nxb5 17. a4 Nd6 18. c3 Ne4 19. Qb2 Nxg3 20. Rg1 Qxh4 21. Qg2
Rg6 22. Ra2 Ne2+ 23. Kxe2 Rxg2+ 24. Rxg2 Kf8 25. Rg6 Qh2+ 26. Kd1 Qxa2 27. Rxe6
Qxa4+ 28. Kd2 Re8 29. Rg6 b5 30. Rg5 g6 31. Rxg6 Nxd4 32. exd4 b4 33. Rg5 Qa2+
34. Kd1 Qe2# 0-1

[Event "Challenge"]
[Site "http://www.queenalice.com/game.php?id=135761"]
[Date "2006.12.1"]
[Round "-"]
[White "jimtheshaman"]
[Black "pr0n"]
[Result "0-1"]
[WhiteElo "1203"]
[BlackElo "1500"]

1. h4 a6 2. Nc3 b5 3. e4 c6 4. e5 d5 5. a4 Nh6 6. axb5 cxb5 7. Qf3 Bg4 8. Qe3
Nf5 9. Qf4 Nh6 10. Qd4 e6 11. b4 Nc6 12. Qe3 Nxb4 13. Ra3 Nxc2# 0-1

[Event "Challenge"]
[Site "http://www.queenalice.com/game.php?id=135877"]
[Date "2006.12.1"]
[Round "-"]
[White "jimtheshaman"]
[Black "pr0n"]
[Result "1-0"]
[WhiteElo "1144"]
[BlackElo "1254"]

1. g3 b6 2. Nf3 a5 3. e3 Nc6 4. Nh4 e5 5. a4 d6 6. Qf3 Bd7 7. Bh3 Bxh3 8. Qxc6+
Ke7 9. g4 Bxg4 10. h3 Bd7 11. Qc4 g5 12. Nf3 f6 13. d4 Be6 14. Qb5 Qd7 15. h4
Qxb5 16. axb5 gxh4 17. Rxh4 Nh6 18. dxe5 dxe5 19. Nc3 Bc4 20. e4 Rd8 21. Bxh6
Bxh6 22. Rxh6 Rdg8 23. b3 Bf7 24. Nd2 Rg1+ 25. Nf1 Rd8 26. Rd1 Rxd1+ 27. Nxd1 a4
28. bxa4 Bc4 29. Ne3 Bxf1 30. Nxf1 c5 31. Ke2 Kf7 32. f3 Kg7 33. Rh5 h6 34. Kf2
Rg5 35. Rh4 f5 36. exf5 Rxf5 37. Rg4+ Rg5 38. Re4 h5 39. f4 exf4 40. Rxf4 Rg4
41. Rf5 h4 42. Kf3 Rg1 43. Nh2 Rg3+ 44. Kf2 Kg6 45. Rf8 Kg7 46. Rb8 1-0

[Event "Challenge"]
[Site "http://www.queenalice.com/game.php?id=135992"]
[Date "2006.12.1"]
[Round "-"]
[White "charles31"]
[Black "pr0n"]
[Result "1-0"]
[WhiteElo "1612"]
[BlackElo "1519"]

1. e4 Nf6 2. e5 Nd5 3. d4 e6 4. Qf3 Nc6 5. c3 b5 6. Bxb5 f5 7. Nh3 g6 8. Bg5 Be7
9. Qg3 Rb8 10. Bxe7 Qxe7 11. Bxc6 dxc6 12. b3 h5 13. Qxg6+ Qf7 14. Qxf7+ Kxf7
15. Ng5+ Kg6 16. h4 Ba6 17. Rh3 f4 18. Rf3 Rhf8 19. Nxe6 Rfe8 20. Nxf4+ Kf5 21.
Nxd5+ Ke6 22. Nxc7+ Kd7 23. Nxa6 Rb6 24. Nc5+ Kc7 25. Na3 Rg8 26. Nc4 Rbb8 27.
Na6+ Kb7 28. Nxb8 Kxb8 29. g3 Rf8 30. Rxf8+ Kc7 31. a4 Kd7 32. Nd6 Ke7 33. Ra8
Ke6 34. Rxa7 Kd5 35. f3 c5 36. Ra5 Kc6 37. Rxc5+ Kd7 38. a5 Ke7 39. a6 Kf8 40.
a7 Kg7 41. a8=Q Kg6 42. g4 hxg4 43. fxg4 Kg7 44. Nf5+ Kg6 45. Rc6+ Kf7 46. Ra7#
1-0

[Event "Challenge"]
[Site "http://www.queenalice.com/game.php?id=136023"]
[Date "2006.12.1"]
[Round "-"]
[White "FrEdd"]
[Black "pr0n"]
[Result "1-0"]
[WhiteElo "1434"]
[BlackElo "1375"]

1. e4 e5 2. d3 Bb4+ 3. c3 Na6 4. cxb4 Nxb4 5. Bd2 a5 6. Nc3 Ra6 7. Nf3 f6 8. Qa4
c6 9. g3 Nh6 10. Qb3 d6 11. d4 exd4 12. Nxd4 Qe7 13. Na4 Qxe4+ 14. Be2 Qxd4 15.
Bxa6 bxa6 16. O-O Qxd2 17. Rae1+ Kd7 18. Qe6+ Kc7 19. Qe7+ Bd7 20. Rd1 Qc2 21.
Qxd6+ Kb7 22. Qxd7+ Kb8 23. Rd2 Qxd2 24. Qxd2 Nxa2 25. Qxa5 Rd8 26. Qxd8+ Kb7
27. Qb6+ Kc8 28. Qxc6+ Kd8 29. Nb6 Ke7 30. Re1+ Kf7 31. Qe8# 1-0

[Event "Let's Play Chess!"]
[Site "http://www.queenalice.com/game.php?id=136074"]
[Date "2006.12.2"]
[Round "-"]
[White "databass"]
[Black "pr0n"]
[Result "1-0"]
[WhiteElo "1545"]
[BlackElo "1345"]

1. e4 d6 2. d4 e5 3. Nf3 Bg4 4. Be2 f6 5. O-O Nc6 6. d5 Nd4 7. h3 Bxf3 8. Bxf3
Nxf3+ 9. Qxf3 g6 10. Nc3 Bh6 11. Bxh6 Nxh6 12. Rad1 c6 13. b4 cxd5 14. Nxd5 Rc8
15. Nxf6+ Ke7 16. Nd5+ Ke8 17. Qb3 Nf7 18. Qa4+ Rc6 19. b5 Rc5 20. b6+ Qd7 21.
Nf6+ Ke7 22. Nxd7 axb6 23. Nxc5 bxc5 24. Qa7 1-0

[Event "AUTO-INT-263"]
[Site "http://www.queenalice.com/game.php?id=136102"]
[Date "2006.12.2"]
[Round "1"]
[White "prof_zeco"]
[Black "pr0n"]
[Result "1-0"]
[WhiteElo "1451"]
[BlackElo "1335"]

1. d4 d5 2. e4 dxe4 3. Nc3 f5 4. Bf4 g6 5. Nb5 c6 6. Nc7+ Kf7 7. Bc4+ e6 8. Be5
Nd7 9. Nxa8 Nxe5 10. dxe5 Qxd1+ 11. Rxd1 Nh6 12. Nc7 Ng4 13. Nh3 Nxe5 14. Bb3
Bb4+ 15. c3 Ba5 16. f4 Nd3+ 17. Ke2 Nxb2 18. Bxe6+ Bxe6 19. Ng5+ Kf6 20. Rd6
Bxc7 21. Rxe6+ Kg7 22. Re7+ Kf6 23. Rxc7 h6 24. Nh7+ Ke6 25. Rxb7 Nc4 26. Rd1
Rxh7 27. Rxh7 h5 28. Rh8 a5 29. Rc8 Kf7 30. Rxc6 1-0

[Event "AUTO-INT-263"]
[Site "http://www.queenalice.com/game.php?id=136103"]
[Date "2006.12.2"]
[Round "1"]
[White "pr0n"]
[Black "prof_zeco"]
[Result "0-1"]
[WhiteElo "1407"]
[BlackElo "1359"]

1. d4 Nf6 2. c3 d5 3. Nd2 Bf5 4. Qa4+ Nc6 5. b4 e6 6. e3 Be7 7. Ngf3 Ne4 8. Bd3
Nxc3 9. Bb5 Nxa4 10. Bxa4 Qd6 11. a3 e5 12. dxe5 Qg6 13. g3 O-O 14. Bxc6 bxc6
15. h4 Bg4 16. Nd4 Qd3 17. Nxc6 Qe2# 0-1

[Event "AUTO-INT-263"]
[Site "http://www.queenalice.com/game.php?id=136116"]
[Date "2006.12.2"]
[Round "1"]
[White "junior11"]
[Black "pr0n"]
[Result "1-0"]
[WhiteElo "1681"]
[BlackElo "1622"]

1. e4 e5 2. f4 exf4 3. Nf3 Nf6 4. Nc3 d5 5. exd5 Nxd5 6. Bc4 c6 7. O-O Bc5+ 8.
d4 Bb4 9. Bxd5 cxd5 10. Bxf4 Bxc3 11. bxc3 Bg4 12. Qd3 a6 13. Rfe1+ Be6 14. Ng5
h6 15. Nf3 b5 16. Ne5 g5 17. Bg3 h5 18. Qf3 h4 19. Bf2 Rh6 20. Re3 Nd7 21. Rae1
Rf6 22. Qh5 Nxe5 23. Rxe5 Rc8 24. Qxg5 Rxc3 25. Bxh4 Qb6 26. Rxd5 Rxc2 27. Qxf6
Rxa2 28. Qh8# 1-0

[Event "AUTO-INT-263"]
[Site "http://www.queenalice.com/game.php?id=136117"]
[Date "2006.12.2"]
[Round "1"]
[White "pr0n"]
[Black "junior11"]
[Result "1-0"]
[WhiteElo "1545"]
[BlackElo "1681"]

1. a4 e5 2. b3 d5 3. Nf3 Nc6 4. c4 Nf6 5. Nc3 Bb4 6. Nxd5 O-O 7. Ba3 Qd6 8. Nxc7
Qxc7 9. Bxb4 Nxb4 10. d4 exd4 11. Nxd4 Bd7 12. g3 Rad8 13. Nc2 Nxc2+ 14. Qxc2
Bf5 15. Qxf5 Qa5+ 16. Qxa5 1-0

[Event "AUTO-INT-263"]
[Site "http://www.queenalice.com/game.php?id=136126"]
[Date "2006.12.2"]
[Round "1"]
[White "pr0n"]
[Black "marcosbratz"]
[Result "0-1"]
[WhiteElo "1230"]
[BlackElo "1506"]

1. g4 e5 2. f3 d5 3. e4 dxe4 4. fxe4 Qh4+ 5. Ke2 Bxg4+ 6. Nf3 Bxf3+ 7. Kxf3 Qf4+
8. Ke2 Qxe4+ 9. Kf2 Bc5+ 10. d4 Qxd4+ 11. Qxd4 Bxd4+ 12. Ke1 Nc6 13. c3 Bb6 14.
Bh3 Nge7 15. Nd2 Be3 16. a4 f5 17. Ke2 f4 18. Rf1 O-O 19. Nf3 Nd5 20. Be6+ Kh8
21. Bxd5 Bxc1 22. Raxc1 Rad8 23. Bc4 e4 24. Nd4 Nxd4+ 25. Kf2 Nf3 26. Rcd1 Nd2
27. Rxd2 Rxd2+ 28. Ke1 e3 29. h4 Rfd8 30. Rxf4 g6 31. Re4 Rd1+ 32. Ke2 R8d2+ 33.
Kf3 Re1 34. Re8+ Kg7 35. Rxe3 Rxb2 36. Rxe1 Rc2 37. Re7+ Kf6 38. Re6+ Kg7 39.
Re7+ Kh6 40. Rxc7 Rxc3+ 41. Ke4 Kh5 42. Be2+ Kxh4 43. Rxc3 h5 44. Rc7 g5 0-1

[Event "AUTO-INT-263"]
[Site "http://www.queenalice.com/game.php?id=136127"]
[Date "2006.12.2"]
[Round "1"]
[White "marcosbratz"]
[Black "pr0n"]
[Result "1-0"]
[WhiteElo "1511"]
[BlackElo "1225"]

1. e4 d5 2. exd5 Qxd5 3. Nc3 Qe5+ 4. Qe2 f6 5. Qxe5 fxe5 6. Ne4 Bf5 7. d3 Nf6 8.
Nxf6+ gxf6 9. Be3 b6 10. O-O-O Nc6 11. d4 exd4 12. Bb5 dxe3 13. Bxc6+ Kf7 14.
Bd5+ Be6 15. Bxa8 Bh6 16. Kb1 exf2 17. Nf3 Bc4 18. Nd2 Rxa8 19. Nxc4 e5 20. Rd7+
Kg6 21. Rf1 b5 22. Ne3 Bxe3 23. b3 c6 24. Rc7 Rc8 25. Rxc8 h5 26. Rxc6 Kg5 27.
Rc3 Bd2 28. Rg3+ Kf5 29. Rxf2+ Ke4 30. Rxd2 h4 31. Rg4+ Ke3 32. Rd3+ Ke2 33.
Re4+ Kf2 34. Rf3+ Kxg2 35. Rxf6 Kxh2 36. Rg6 h3 37. Re2+ Kh1 38. Rh6 Kg1 39.
Rxh3 Kf1 40. Reh2 Kg1 41. Rd2 e4 42. Re3 1-0

[Event "Challenge"]
[Site "http://www.queenalice.com/game.php?id=136830"]
[Date "2006.12.4"]
[Round "-"]
[White "pr0n"]
[Black "mitsho"]
[Result "0-1"]
[WhiteElo "1287"]
[BlackElo "1352"]

1. d4 d5 2. c3 Nf6 3. Nf3 g6 4. e3 Bg7 5. a3 O-O 6. Nbd2 Nc6 7. Ne5 Nxe5 8. dxe5
Ne4 9. f3 Nxd2 10. Qxd2 Bxe5 11. Bc4 dxc4 12. f4 Qxd2+ 13. Bxd2 Bf6 14. g3 Rd8
15. h4 b5 16. a4 c6 17. axb5 cxb5 18. Ra5 a6 19. O-O Rxd2 20. Raa1 Rxb2 21. Rad1
Bb7 22. Rf2 Rxf2 23. Kxf2 e6 24. g4 Bxc3 25. h5 Ba5 26. f5 Rd8 27. Rxd8+ Bxd8
28. hxg6 hxg6 29. fxg6 fxg6 30. Kg3 c3 31. g5 c2 32. Kf4 Bc7+ 33. Kg4 c1=Q 34.
Kh4 Qe1+ 35. Kh3 Qg3# 0-1

[Event "revanche? :)"]
[Site "http://www.queenalice.com/game.php?id=136858"]
[Date "2006.12.4"]
[Round "-"]
[White "pr0n"]
[Black "pimpi"]
[Result "0-1"]
[WhiteElo "1452"]
[BlackElo "1259"]

1. Na3 e6 2. e4 d5 3. exd5 Qxd5 4. d3 Bxa3 5. bxa3 Qa5+ 6. Qd2 Qe5+ 7. Ne2 Qxa1
8. c3 Nc6 9. Qb2 Qxb2 10. Bxb2 Nf6 11. c4 e5 12. Bxe5 Nxe5 13. Nd4 O-O 14. g3
Rd8 15. Nf5 Bxf5 16. h4 Nxd3+ 17. Bxd3 Rxd3 18. Ke2 Re8+ 19. Kf1 Be4 20. Kg1
Rd1+ 21. Kh2 Bxh1 22. Kh3 Bf3 23. g4 Ne4 24. h5 Rh1# 0-1

[Event "GiguGame"]
[Site "http://www.queenalice.com/game.php?id=152001"]
[Date "2007.1.9"]
[Round "-"]
[White "pr0n"]
[Black "flu"]
[Result "0-1"]
[WhiteElo "1272"]
[BlackElo "1235"]

1. d4 c6 2. c3 d5 3. Nd2 Bf5 4. Ngf3 e6 5. h4 Be4 6. b4 Bxf3 7. gxf3 Nf6 8. Bh3
Bd6 9. a4 Nh5 10. a5 Qxh4 11. Kf1 Bg3 12. fxg3 Nxg3+ 13. Kf2 Nxh1+ 14. Kg2 Nf2
15. Qf1 Nxh3 16. Kh2 Nf4+ 17. Kg1 g5 18. e3 Rg8 19. a6 g4 20. fxg4 Rxg4+ 21. Qg2
Rxg2+ 22. Kf1 Qh1# 0-1